01623cam a22003374i 4500003000900000005001700009008004100026035001900067040003300086082002000119100003100139245005000170264005700220300005200277336002100329337002500350338002300375505076100398526001001159526001001169526001001179526001001189526000801199526000801207526000801215526000801223526000801231526000801239526000801247650003001255PE-LiUPU20250731173143.0150623s r 000 0 d a(Sirsi) a27641 aPE-LiUPUbspacPE-LiUPUerda04a220.63bT482211 aThomas, Robert L.,eautor.10aEvangelical Hermeneutics /cRobert L. Thomas. 1aWashington :bKregel Academic & Professional,c2002. a524 páginas :bilustraciones tablas ;c22 cm. atext2rdacontent aunmediated2rdamedia avolume2rdacarrier0 aThe role of revisionist hermeneutics in altering interpretive principles: The origin of preunderstanding. A hermeneutical ambiguity of eschatology. Dynamic equivalence. General revelation and biblical hermeneutics. The principle of single meaning. Redrawing the line between hermeneutics and application. Modern linguistics and hermeneutics. The new testament use of the old testament. Genre overide in the gospels Genre override in revelation. The role of revisionist hermeneutics in fostering new doctrines: The hermeneutics od progressive dispensationalism. The hermeneutics of evangelical feminism. The hermeneutics of evangelical missiology. theonomy and the dating of revelation. The hermeneutics of open theism. Where do evangelicals go from here?. aSEG42 aSEG41 aSEG40 aSEG39 aP94 aP87 aP86 aP85 aP77 aP76 aP3504aHermenéutica bíblica.